[Event "Ä15Â"]
[Site "Loo"]
[Date "2017.04.28"]
[Round "9.17"]
[White "Ìèõàéëîâà, Þëèÿ."]
[Black "Òîëêà÷åâà, Àííà."]
[Result "0-1"]
[WhiteElo "1733"]
[BlackElo "1656"]
[PlyCount "88"]
[EventDate "2017.04.20"]

1. d4 c5 2. d5 e5 3. c4 d6 4. Nc3 g6 5. e4 Bg7 6. Be3 Ne7 7. Bd3 O-O 8. Nge2 f5
9. f3 Na6 10. a3 fxe4 11. fxe4 Bd7 12. Qd2 Rb8 13. Ng1 Nc7 14. Nf3 Ne8 15. O-O
Nf6 16. h3 Qc7 17. b4 b6 18. Rab1 Nh5 19. Ne2 Kh8 20. bxc5 bxc5 21. Ng5 Rxb1
22. Bxb1 Rxf1+ 23. Kxf1 Kg8 24. Nf3 Nc8 25. Bd3 Nb6 26. Nc3 Qc8 27. Kg1 Qa6 28.
Qb2 Nf4 29. Bf1 Bh6 30. Kf2 Kg7 31. Qb3 Qc8 32. Nb5 Qb8 33. h4 a6 34. Nc3 Nh3+
35. gxh3 Bxe3+ 36. Kg2 Qf8 37. Be2 Nc8 38. Qb7 Qe7 39. Qxa6 Qf7 40. Nb5 Qf6 41.
Qb7 Qf7 42. Qb8 Qf6 43. Qc7 Qf7 44. a4 Kh6 {äàëåå ïàðòèÿ íå ðàçáîð~~èâà} 0-1

[Event "Ä15Â"]
[Site "Loo"]
[Date "2017.04.28"]
[Round "9.18"]
[White "Ðûáàêîâà, Àíàñòàñèÿ."]
[Black "Êîêóåâà, Àëèñà."]
[Result "1-0"]
[WhiteElo "1812"]
[BlackElo "1552"]
[PlyCount "69"]
[EventDate "2017.04.20"]

1. d4 d5 2. Nf3 Nf6 3. e3 e6 4. Bd3 Bd6 5. b3 b6 6. Bb2 O-O 7. Nbd2 Bb7 8. O-O
Nbd7 9. Ne5 c5 10. f4 Ne4 11. Bxe4 dxe4 12. Ndc4 Nxe5 13. Nxe5 Bxe5 14. fxe5
Qg5 15. Qe2 Rac8 16. Rf4 cxd4 17. Bxd4 Qe7 18. Raf1 h6 19. c4 Kh7 20. Qh5 Rc7
21. h4 Qe8 22. Qg4 Rg8 23. Qh3 Rd7 24. Kh2 g5 25. Rf6 gxh4 26. Qxh4 Rg6 27. g4
Kg7 28. Qh5 Rxf6 29. exf6+ Kh7 30. g5 Qf8 31. Rg1 e5 32. Bxe5 Rd2+ 33. Kh1 Kh8
34. g6 fxg6 35. f7+ 1-0

[Event "Ä15Â"]
[Site "Loo"]
[Date "2017.04.28"]
[Round "9.19"]
[White "Çàêóðèíà, Ìàðèÿ."]
[Black "Áàíäóðèíà, Ñîôèÿ."]
[Result "1/2-1/2"]
[WhiteElo "1704"]
[BlackElo "1717"]
[PlyCount "82"]
[EventDate "2017.04.20"]

1. e4 c5 2. Nf3 d6 3. d4 cxd4 4. Nxd4 Nf6 5. Nc3 g6 6. Be2 Bg7 7. O-O a6 8. Be3
b5 9. f4 Bb7 10. Bf3 Nbd7 11. Nb3 b4 12. Nd5 Nxd5 13. exd5 Bxb2 14. Rb1 Bg7 15.
Bd4 Nf6 16. g4 O-O 17. g5 Ne8 18. h4 a5 19. h5 Bxd4+ 20. Qxd4 gxh5 21. Bxh5 Ng7
22. Bg4 Bc8 23. Be2 Qd7 24. Rf2 Qa7 25. Qd2 Nf5 26. Bd3 Qe3 27. Bxf5 Qxd2 28.
Bxh7+ Kxh7 29. Rxd2 e6 30. Rf1 Ra6 31. Rff2 Bb7 32. dxe6 fxe6 33. Rh2+ Kg7 34.
Rh4 Bd5 35. Rdh2 Bxb3 36. axb3 Kg6 37. Rg2 Ra7 38. Kh2 Raf7 39. Kg3 e5 40. Rh6+
Kg7 41. Rxd6 Rxf4 1/2-1/2

[Event "Ä15Â"]
[Site "Loo"]
[Date "2017.04.28"]
[Round "9.20"]
[White "Àëôåðîâà, Ïîëèíà."]
[Black "Ýôåíäèåâà, Àëèíà."]
[Result "1/2-1/2"]
[WhiteElo "1712"]
[BlackElo "1661"]
[PlyCount "68"]
[EventDate "2017.04.20"]

1. d4 Nf6 2. c4 g6 3. Nc3 Bg7 4. e4 d6 5. f4 O-O 6. Nf3 c5 7. d5 e6 8. Be2 exd5
9. cxd5 Re8 10. e5 dxe5 11. fxe5 Ng4 12. Bg5 Qb6 13. O-O Nxe5 14. Qd2 Bg4 15.
Nxe5 Bxe2 16. Qxe2 Bxe5 17. Qf3 f5 18. g4 Qxb2 19. Ne2 Bxh2+ 20. Kxh2 Qxe2+ 21.
Qxe2 Rxe2+ 22. Kg3 fxg4 23. Bh6 Nd7 24. Kxg4 Re4+ 25. Kg3 Rd4 26. Rae1 Rxd5 27.
Re7 Ne5 28. Rg7+ Kh8 29. Re7 Rg8 30. Rh1 g5 31. Bf8 Rd3+ 32. Kg2 Rd2+ 33. Kg3
Rd3+ 34. Kg2 Rd2+ 1/2-1/2

[Event "Ä15Â"]
[Site "Loo"]
[Date "2017.04.28"]
[Round "9.21"]
[White "Öâåòêîâà, Âëàäèñëàâà."]
[Black "Òåðåøå÷êèíà, Òàèñèÿ."]
[Result "1-0"]
[WhiteElo "1615"]
[BlackElo "1711"]
[PlyCount "80"]
[EventDate "2017.04.20"]

1. e4 d6 2. d4 Nf6 3. Nc3 Nbd7 4. Nf3 e5 5. Bc4 Be7 6. O-O O-O 7. h3 c6 8. Qe2
a5 9. a4 exd4 10. Nxd4 Nc5 11. Bf4 Be6 12. Rad1 Bxc4 13. Qxc4 Nfxe4 14. Nxe4
Nxe4 15. Nxc6 bxc6 16. Qxe4 d5 17. Qf3 Bd6 18. Bxd6 Qxd6 19. Rd4 Rab8 20. b3
Rb4 21. c4 Qe5 22. Rf4 Rxb3 23. Qxb3 Qxf4 24. cxd5 cxd5 25. Qb5 Qb4 26. Rb1
Qxb5 27. Rxb5 Ra8 28. Rxd5 g6 29. f4 Kg7 30. Kf2 Re8 31. Rxa5 Re6 32. Re5 Rc6
33. Re2 Rc4 34. Ra2 Kf6 35. a5 Ke6 36. a6 Rc8 37. a7 Ra8 38. Ke3 Kd5 39. Ra5+
Kc6 40. Ke4 Kb7 1-0

[Event "Ä15Â"]
[Site "Loo"]
[Date "2017.04.28"]
[Round "9.22"]
[White "Óñà÷åâà, Ãëàôèðà."]
[Black "Ñòàðîñòèíà, Àëåêñàíäðà."]
[Result "1-0"]
[WhiteElo "1705"]
[BlackElo "1603"]
[PlyCount "101"]
[EventDate "2017.04.20"]

1. e4 e5 2. Nf3 d6 3. d4 Nd7 4. Bc4 c6 5. O-O Be7 6. dxe5 dxe5 7. Ng5 Bxg5 8.
Qh5 g6 9. Qxg5 Qxg5 10. Bxg5 b5 11. Be2 Ngf6 12. f3 O-O 13. Rd1 Kg7 14. a4 b4
15. Nd2 h6 16. Bh4 a5 17. Bf2 Rd8 18. Nc4 Ba6 19. Rd2 Bxc4 20. Bxc4 Rdc8 21.
Rad1 Rc7 22. Kf1 Kf8 23. Be3 g5 24. h4 gxh4 25. Bxh6+ Ke7 26. Bg5 Rh8 27. Rxd7+
Rxd7 28. Bxf6+ Kxf6 29. Rxd7 Rh7 30. Rd6+ Ke7 31. Rxc6 h3 32. gxh3 Rxh3 33. Kg2
Rh7 34. Rc5 Kd6 35. Rd5+ Kc7 36. Rxe5 Rg7+ 37. Kf2 Rh7 38. Bf1 Rh2+ 39. Bg2 Kb6
40. Rb5+ Ka6 41. Kg3 Rh6 42. Bf1 Ka7 43. Rxa5+ Kb7 44. Rb5+ Kc7 45. Rxb4 Rg6+
46. Kf2 Rh6 47. Rb5 Rh2+ 48. Bg2 Rh6 49. a5 Rc6 50. c3 Ra6 51. b4 1-0

[Event "Ä15Â"]
[Site "Loo"]
[Date "2017.04.28"]
[Round "9.23"]
[White "Êðèêóíîâà, Îëåñÿ."]
[Black "Ñû÷, Àëèíà."]
[Result "1-0"]
[WhiteElo "1847"]
[BlackElo "1478"]
[PlyCount "91"]
[EventDate "2017.04.20"]

1. d4 d5 2. c4 e6 3. Nc3 Be7 4. Nf3 Nf6 5. cxd5 exd5 6. Bg5 O-O 7. e3 b6 8. Bd3
Bb7 9. Qc2 h6 10. Bf4 Nbd7 11. O-O c5 12. e4 cxd4 13. Nxd5 Bxd5 14. exd5 Nxd5
15. Bd2 Rc8 16. Qd1 Bf6 17. Rc1 Nc5 18. Bf5 Rc7 19. Qc2 d3 20. Bxd3 Nxd3 21.
Qxd3 Bxb2 22. Rxc7 Nxc7 23. Qc2 Bf6 24. Rd1 Qe7 25. Bf4 Ne8 26. h3 g5 27. Bg3
Bg7 28. Qa4 f5 29. Bb8 a5 30. Qb3+ Kh8 31. Qxb6 Qe2 32. Rd2 Qc4 33. Qxa5 g4 34.
Ne5 Qc1+ 35. Kh2 Qb1 36. Ng6+ Kg8 37. Qd8 Bf6 38. Qd5+ Rf7 39. Bg3 Kg7 40. Nf4
Nc7 41. Qa5 Bg5 42. Nh5+ Kf8 43. Bd6+ Kg8 44. Re2 Qb7 45. Rc2 Nd5 46. Rc8+ {
äàëåå çàïèñü íåðàçáîð~~èâà} 1-0

[Event "Ä15Â"]
[Site "Loo"]
[Date "2017.04.28"]
[Round "9.24"]
[White "Ùåäðîâà, Òàòüÿíà."]
[Black "Êàðåëèíà, Âèêòîðèÿ."]
[Result "1/2-1/2"]
[WhiteElo "1547"]
[BlackElo "1826"]
[PlyCount "115"]
[EventDate "2017.04.20"]

1. e4 Nf6 2. e5 Nd5 3. d4 d6 4. Nf3 dxe5 5. Nxe5 c6 6. Qf3 Be6 7. c4 Nb4 8. Qc3
Qxd4 9. Qxb4 Qxe5+ 10. Be3 Qc7 11. Be2 Bf5 12. Qc3 c5 13. O-O e6 14. f4 Nc6 15.
Nd2 Nd4 16. Bxd4 cxd4 17. Qg3 Qb6 18. Qb3 Bc5 19. Kh1 Bg6 20. Rad1 O-O 21. Qxb6
axb6 22. a3 Bc2 23. Rc1 d3 24. Bd1 Bxd1 25. Rcxd1 Rfd8 26. Nb3 Be7 27. Rf3 Bf6
28. Rd2 Rac8 29. Rfxd3 Rxd3 30. Rxd3 Rxc4 31. g3 g6 32. Rd2 Re4 33. Kg2 Re1 34.
Rc2 Rb1 35. Nd2 Rxb2 36. Rxb2 Bxb2 37. Nc4 Bd4 38. a4 h5 39. Kf3 Kf8 40. h3 Ke7
41. Ke4 Bc5 42. g4 hxg4 43. hxg4 Kf6 44. g5+ Ke7 45. Kd3 f6 46. Ke4 fxg5 47.
fxg5 Kf7 48. Ne5+ Kg7 49. Nc4 Be7 50. Kf4 Bd8 51. Kg4 Bc7 52. Kf3 Kf7 53. Ke4
Ke7 54. Kf3 e5 55. Ke4 Ke6 56. Nd2 Bd6 57. Nf3 Bc7 58. Nh4 1/2-1/2

[Event "Ä15Â"]
[Site "Loo"]
[Date "2017.04.28"]
[Round "9.25"]
[White "Åðîõîâà, Âèîëåòòà."]
[Black "Ñóðêîâà, Ñîôüÿ."]
[Result "0-1"]
[WhiteElo "1746"]
[BlackElo "1618"]
[PlyCount "30"]
[EventDate "2017.04.20"]

1. e4 c5 2. Nc3 d6 3. g3 g6 4. Bg2 Bg7 5. d3 e6 6. Be3 Nc6 7. Qd2 Nge7 8. Bh6
O-O 9. Nge2 d5 10. Bxg7 Kxg7 11. O-O d4 12. Nd1 e5 13. f4 f5 14. Nf2 Qb6 15. c3
exf4 {äàëåå ïàðòèÿ íå ðàçáîð~~èâà} 0-1

[Event "Ä15Â"]
[Site "Loo"]
[Date "2017.04.28"]
[Round "9.27"]
[White "Óñêîâà, Òàèñèÿ."]
[Black "Òóðêî, Àíàñòàñèÿ."]
[Result "1-0"]
[WhiteElo "1798"]
[BlackElo "1719"]
[PlyCount "45"]
[EventDate "2017.04.20"]

1. e4 Nf6 2. e5 Nd5 3. c4 Nb6 4. d4 d6 5. exd6 exd6 6. Nc3 Be7 7. Be3 O-O 8.
Bd3 Bf6 9. Nf3 Bg4 10. h3 Bh5 11. Qc2 Bg6 12. Bxg6 hxg6 13. Ne4 Nc6 14. Nxf6+
Qxf6 15. O-O Rfe8 16. Rfe1 d5 17. cxd5 Nxd5 18. Qb3 Nb6 19. d5 Na5 20. Qb5 Nac4
21. Bxb6 Nxb6 22. Rxe8+ Rxe8 23. Qxe8+ 1-0

[Event "Ä15Â"]
[Site "Loo"]
[Date "2017.04.28"]
[Round "9.28"]
[White "Àáäóëêåðèìîâà, Ìàäèíà."]
[Black "Åðøîâà, Ñîôüÿ."]
[Result "0-1"]
[WhiteElo "1400"]
[BlackElo "1727"]
[PlyCount "74"]
[EventDate "2017.04.20"]

1. e4 c5 2. Nf3 e6 3. d4 cxd4 4. Nxd4 a6 5. Nc3 Qc7 6. Be2 b5 7. Be3 Bb7 8. a3
Nf6 9. f3 Be7 10. O-O O-O 11. a4 b4 12. Na2 d5 13. exd5 Nxd5 14. Bf2 Nd7 15.
Qd2 Rac8 16. Rac1 N7b6 17. c4 bxc3 18. Nxc3 Nxc3 19. Rxc3 Qd7 20. a5 Nd5 21.
Rb3 Bd6 22. Rd1 Rfd8 23. Nc2 Qc7 24. Kf1 Bxh2 25. Nd4 Nf4 26. g3 Nxe2 27. Qxe2
Bd5 28. Rc3 Bc4 29. Rxc4 Qxc4 30. Qxc4 Rxc4 31. Kg2 e5 32. b3 Rcc8 33. Nc6 Rxd1
34. Ne7+ Kf8 35. Nxc8 Rd2 36. Nb6 h5 37. Kxh2 Rxf2+ 0-1

[Event "Ä15Â"]
[Site "Loo"]
[Date "2017.04.28"]
[Round "9.30"]
[White "Ãðóáîâà, Ñîôèÿ."]
[Black "Çåëåíñêàÿ, Àíàñòàñèÿ."]
[Result "1-0"]
[WhiteElo "1650"]
[BlackElo "1738"]
[PlyCount "109"]
[EventDate "2017.04.20"]

1. e4 c5 2. Nf3 Nc6 3. d4 cxd4 4. Nxd4 g6 5. c4 d6 6. Be3 Bg7 7. Be2 Nf6 8. Nc3
O-O 9. O-O Nd7 10. Rc1 a6 11. a3 Nc5 12. b4 Nxd4 13. Bxd4 Bxd4 14. Qxd4 Nb3 15.
Qd3 Nxc1 16. Rxc1 Be6 17. Nd5 Bxd5 18. exd5 b6 19. h4 Qd7 20. Bf3 Rac8 21. Qd4
b5 22. c5 dxc5 23. bxc5 Rfd8 24. Qb4 e5 25. Re1 Qc7 26. Rc1 f5 27. Bd1 Kg7 28.
Bb3 Rb8 29. Qd2 Qe7 30. d6 Qf6 31. Qd5 Rd7 32. Rd1 Rbd8 33. a4 h6 34. a5 h5 35.
g3 Kh6 36. Re1 Re8 37. Qd2+ Kg7 38. Bd5 Red8 39. Bc6 Rf7 40. Qd5 e4 41. Bb7 Qc3
42. Rd1 Qxa5 43. Qe5+ Kh7 44. Ra1 Qb4 45. Bxa6 Ra7 46. Qf6 Rda8 47. c6 Rxa6 48.
Rxa6 Rxa6 49. d7 Qe1+ 50. Kg2 Ra1 51. Qxa1 Qxa1 52. d8=Q Qc3 53. c7 Qf3+ 54.
Kg1 e3 55. Qe7+ 1-0

[Event "Ä17Â"]
[Site "Loo"]
[Date "2017.04.28"]
[Round "9.1"]
[White "Øàôèãóëëèíà, Çàðèíà."]
[Black "Êî÷óêîâà, Àííà."]
[Result "1/2-1/2"]
[WhiteElo "1997"]
[BlackElo "2035"]
[PlyCount "82"]
[EventDate "2017.04.20"]

1. d4 Nf6 2. c4 e6 3. g3 d5 4. Bg2 Be7 5. Nf3 O-O 6. O-O b6 7. Ne5 Bb7 8. Nc3
Na6 9. Bf4 c5 10. Rc1 Re8 11. dxc5 Nxc5 12. cxd5 exd5 13. Nd3 Qd7 14. Ne5 Qd8
15. Nb5 Ne6 16. Nd3 Ba6 17. Nc7 Nxc7 18. Bxc7 Qd7 19. Be5 Rac8 20. Rxc8 Rxc8
21. b3 Bb7 22. Nf4 Rd8 23. Qd3 Ne8 24. Rd1 Bf6 25. Qd4 Bxe5 26. Qxe5 Nf6 27.
Rc1 Rc8 28. Rxc8+ Qxc8 29. h3 Qd8 30. g4 h6 31. Nd3 Ne4 32. Qd4 Qe7 33. Qb2 Qc7
34. e3 Qe7 35. Nf4 Nf6 36. Qd2 Qe5 37. Qe2 Qa1+ 38. Kh2 Qe5 39. Kg1 Qa1+ 40.
Kh2 Qe5 41. Kg1 Qa1+ 1/2-1/2

[Event "Ä17Â"]
[Site "Loo"]
[Date "2017.04.28"]
[Round "9.2"]
[White "Ñàêîðåíêî, Àäðèàíà."]
[Black "Ãîëüöåâà, Åêàòåðèíà."]
[Result "1/2-1/2"]
[WhiteElo "2007"]
[BlackElo "2211"]
[PlyCount "84"]
[EventDate "2017.04.20"]

1. d4 d5 2. Bf4 Nf6 3. e3 c5 4. c3 Nc6 5. Nd2 cxd4 6. exd4 Bf5 7. Ngf3 e6 8.
Qb3 Qc8 9. Be2 Be7 10. O-O O-O 11. Rfe1 Bd8 12. Ne5 Bc7 13. Ndf3 Ng4 14. Bg3
Ngxe5 15. Nxe5 Nxe5 16. Bxe5 Bxe5 17. dxe5 Qc7 18. Bf1 f6 19. c4 d4 20. Qg3 Qb6
21. b3 fxe5 22. Rxe5 d3 23. Rd1 Rad8 24. Rd2 Qb4 25. Qe3 Qc3 26. f3 a6 27. Qe1
h5 28. Qe3 Rd6 29. Kf2 Rfd8 30. Kg1 Rc6 31. Qe1 Kf7 32. h3 Qd4+ 33. Qe3 b5 34.
Qxd4 Rxd4 35. cxb5 Rc2 36. Rd1 axb5 37. Re3 d2 38. Re2 Rxa2 39. Kf2 Bd3 40.
Rdxd2 Bxe2 41. Rxa2 Bxf1 42. Kxf1 Rd3 1/2-1/2

[Event "Ä17Â"]
[Site "Loo"]
[Date "2017.04.28"]
[Round "9.3"]
[White "Ïåòðî÷åíêî, Ìàðèÿ."]
[Black "Àôîíàñüåâà, Àííà."]
[Result "0-1"]
[WhiteElo "2141"]
[BlackElo "2213"]
[PlyCount "118"]
[EventDate "2017.04.20"]

1. d4 Nf6 2. c4 g6 3. Nc3 d5 4. cxd5 Nxd5 5. e4 Nxc3 6. bxc3 Bg7 7. Qa4+ Nd7 8.
Nf3 O-O 9. Be2 c5 10. O-O Nb6 11. Qd1 cxd4 12. cxd4 Be6 13. Bf4 Rc8 14. d5 Bg4
15. Rc1 Qd7 16. Qb3 Qa4 17. Bd3 Bxf3 18. Qxa4 Nxa4 19. gxf3 Nc5 20. Be2 Nd7 21.
Be3 f5 22. Bg5 Bf6 23. Rxc8 Rxc8 24. Rc1 Rxc1+ 25. Bxc1 g5 26. Be3 b6 27. exf5
Kg7 28. f4 gxf4 29. Bxf4 Be5 30. Bg5 Bd6 31. Kg2 Nf6 32. Bc4 Ne4 33. Be3 Kf6
34. f4 Bc5 35. Kf3 Nd6 36. Bd3 Bxe3 37. Kxe3 Nxf5+ 38. Ke4 h6 39. h3 b5 40. Bc2
h5 41. Bd1 a5 42. Kd3 h4 43. Bg4 b4 44. Bd1 Nd6 45. Bg4 Nb5 46. Kc4 Nc3 47. a3
Nxd5 48. axb4 Nxb4 49. Kb5 Nd5 50. Kxa5 Nxf4 51. Kb5 Nd3 52. Be2 Nf2 53. Bf1
Ke5 54. Kc4 Kf4 55. Kd5 e5 56. Bg2 e4 57. Kd4 e3 58. Bf1 Nxh3 59. Kd3 Nf2+ 0-1

[Event "Ä17Â"]
[Site "Loo"]
[Date "2017.04.28"]
[Round "9.4"]
[White "Àêñåíîâà, Ìàðèÿ."]
[Black "Ýðäûíèåâà, Îþíà."]
[Result "1/2-1/2"]
[WhiteElo "1923"]
[BlackElo "2183"]
[PlyCount "140"]
[EventDate "2017.04.20"]

1. d4 Nf6 2. Nf3 g6 3. c4 Bg7 4. Nc3 d5 5. cxd5 Nxd5 6. Bd2 Nb6 7. Bf4 O-O 8.
e3 c5 9. dxc5 N6d7 10. Be2 Nxc5 11. Qxd8 Rxd8 12. O-O Nc6 13. Rac1 Bf5 14. Rfd1
Nd3 15. Bxd3 Bxd3 16. Rd2 Bc4 17. a3 Bb3 18. h3 Rac8 19. Ne2 h6 20. e4 Be6 21.
Rcc2 Rxd2 22. Rxd2 Rd8 23. Rxd8+ Nxd8 24. Ned4 Bc8 25. b4 f6 26. Be3 Bd7 27.
Kf1 e5 28. Ne2 b6 29. Nd2 Kf7 30. Nc4 Bf8 31. Ke1 Ne6 32. Kd2 Nc7 33. Nc3 Bc6
34. f3 Ke6 35. Kc2 f5 36. Kb3 fxe4 37. fxe4 Ne8 38. Nd2 Nf6 39. a4 Nd7 40. Nc4
Nf6 41. Nd2 Nd7 42. Nc4 Nf6 43. Nd2 Nh5 44. Ne2 g5 45. g3 Kf6 46. Bf2 Bd7 47.
h4 gxh4 48. gxh4 Be6+ 49. Kc3 Bg4 50. Nc1 Nf4 51. a5 bxa5 52. bxa5 a6 53. Ndb3
Bf3 54. Bc5 Bxc5 55. Nxc5 Kg6 56. N1d3 Nxd3 57. Kxd3 Kh5 58. Nd7 Kxh4 59. Nxe5
Bd1 60. Nf7 h5 61. e5 Kg3 62. e6 Bb3 63. Ng5 Kg4 64. e7 Ba4 65. Ne4 h4 66. Ke3
h3 67. Kf2 Kf4 68. Nd6 Ke5 69. e8=Q+ Bxe8 70. Nxe8 Kd5 1/2-1/2

[Event "Ä17Â"]
[Site "Loo"]
[Date "2017.04.28"]
[Round "9.5"]
[White "Áóäíèêîâà, Âàðâàðà."]
[Black "Êîçèíà, Àíàñòàñèÿ."]
[Result "1/2-1/2"]
[WhiteElo "1900"]
[BlackElo "2117"]
[PlyCount "73"]
[EventDate "2017.04.20"]

1. e4 c5 2. Nf3 d6 3. c3 Nf6 4. Bd3 Nc6 5. Bc2 g6 6. O-O Bg7 7. Re1 O-O 8. h3
e5 9. d3 d5 10. Ba4 dxe4 11. dxe4 Qxd1 12. Bxd1 b6 13. Na3 Bb7 14. Bc2 Rad8 15.
Nc4 Rfe8 16. Ba4 h6 17. Bd2 Re6 18. Rad1 Nxe4 19. Rxe4 Na5 20. Nxa5 Bxe4 21.
Nc4 Bb7 22. Be3 Rxd1+ 23. Bxd1 Bd5 24. Bb3 Re7 25. a4 Kh7 26. Nfd2 f5 27. f3
Rd7 28. Kf1 Bb7 29. Ke1 Bf6 30. Bf2 Bg5 31. h4 Bf6 32. Bc2 h5 33. Bg3 Re7 34.
Bf2 Rd7 35. Bg3 Re7 36. Bf2 Rd7 37. Bg3 1/2-1/2

[Event "Ä17Â"]
[Site "Loo"]
[Date "2017.04.28"]
[Round "9.6"]
[White "Çîòîâà, Àíàñòàñèÿ."]
[Black "Êîðîë¸âà, Åâãåíèÿ."]
[Result "1-0"]
[WhiteElo "2067"]
[BlackElo "1909"]
[PlyCount "77"]
[EventDate "2017.04.20"]

1. e4 c5 2. Nf3 e6 3. d4 cxd4 4. Nxd4 Nf6 5. Qd3 Nc6 6. Nxc6 bxc6 7. Be2 d5 8.
e5 Nd7 9. Bf4 Qb6 10. b3 a5 11. c3 Ba6 12. Qd2 Nc5 13. O-O Ne4 14. Qd1 Bc5 15.
Bg3 h5 16. Bxa6 Rxa6 17. Qf3 g5 18. h4 gxh4 19. Bxh4 Be7 20. Bxe7 Kxe7 21. Nd2
f5 22. Nxe4 dxe4 23. Qg3 Kf7 24. Rad1 Qc7 25. Rd6 Qe7 26. Rfd1 Ra7 27. Rxc6 h4
28. Qe3 Rc7 29. Rcd6 h3 30. gxh3 Qe8 31. Kh2 Qb5 32. Qd4 Ke7 33. Rxe6+ Kf7 34.
Rf6+ Kg7 35. Rg1+ Kh7 36. Rh6+ Kxh6 37. Qd6+ Kh5 38. Qg6+ Kh4 39. Qg5# 1-0

[Event "Ä17Â"]
[Site "Loo"]
[Date "2017.04.28"]
[Round "9.7"]
[White "Òðîÿíîê, Òàòüÿíà."]
[Black "Íîñà÷åâà, Ìàðèÿ."]
[Result "1/2-1/2"]
[WhiteElo "1902"]
[BlackElo "2063"]
[PlyCount "58"]
[EventDate "2017.04.20"]

1. d4 Nf6 2. c4 g6 3. Nc3 Bg7 4. e4 d6 5. f3 O-O 6. Be3 Nc6 7. Qd2 e5 8. d5 Nd4
9. Nge2 Nxe2 10. Bxe2 Nh5 11. O-O Nf4 12. Bxf4 exf4 13. Qxf4 f5 14. Qe3 Qh4 15.
g3 Qe7 16. Rab1 Bd7 17. Bd3 h6 18. Ne2 Rae8 19. Qd2 fxe4 20. fxe4 Bh3 21. Rxf8+
Rxf8 22. Qe3 g5 23. Kh1 Bg4 24. Ng1 Qe5 25. Be2 Bf5 26. Bd3 Bg4 27. Be2 Bf5 28.
Bd3 Bg4 29. Be2 Bf5 1/2-1/2

[Event "Ä17Â"]
[Site "Loo"]
[Date "2017.04.28"]
[Round "9.8"]
[White "Íàçàðîâà, Àíàñòàñèÿ."]
[Black "Ôèëèïïîâà, Äàðüÿ."]
[Result "1-0"]
[WhiteElo "1964"]
[BlackElo "1996"]
[PlyCount "103"]
[EventDate "2017.04.20"]

1. e4 e5 2. Nf3 Nf6 3. d4 Nxe4 4. Bd3 d5 5. dxe5 Nc5 6. O-O Be7 7. Be2 Nc6 8.
Re1 Be6 9. Be3 O-O 10. c3 a5 11. a4 Bg4 12. Bd4 Ne6 13. h3 Bf5 14. Na3 Nb8 15.
Qb3 c5 16. Be3 Qd7 17. Rad1 Rd8 18. Nb5 Qc6 19. Nh2 Na6 20. Nf1 c4 21. Qa2 Nac5
22. Bxc5 Bxc5 23. Rd2 Nf4 24. Nd4 Qg6 25. Ng3 Be4 26. Bf1 Qg5 27. Re3 Nd3 28.
Bxd3 Bxd3 29. Qa1 Bxd4 30. cxd4 Ra6 31. Ne2 Rg6 32. g3 Qf5 33. Qf1 Rh6 34. g4
Qd7 35. Qg2 Qxa4 36. Nf4 Qa1+ 37. Kh2 Qf1 38. Nxd3 Qxg2+ 39. Kxg2 cxd3 40.
Rexd3 Rc8 41. Rb3 b6 42. Rb5 Rd8 43. Rc2 Kf8 44. Rc7 Ke8 45. Rb7 Rc6 46. b3 Rc1
47. R5xb6 Rd1 48. e6 Rxd4 49. Rxf7 Re4 50. Rxg7 d4 51. Rg8+ Ke7 52. Rb7+ 1-0

[Event "Ä17Â"]
[Site "Loo"]
[Date "2017.04.28"]
[Round "9.9"]
[White "ßíó÷åíêî, Ïîëèíà."]
[Black "Êâà÷êî, Àíàñòàñèÿ."]
[Result "1-0"]
[WhiteElo "2060"]
[BlackElo "1772"]
[PlyCount "97"]
[EventDate "2017.04.20"]

1. d4 e6 2. c4 d5 3. Nc3 Nf6 4. cxd5 exd5 5. Bg5 Be7 6. e3 O-O 7. Qc2 c6 8. Bd3
h6 9. Bh4 Re8 10. Nge2 Ne4 11. Bxe7 Qxe7 12. Bxe4 dxe4 13. Ng3 f5 14. O-O Be6
15. f3 Qg5 16. Rae1 exf3 17. Rxf3 Rf8 18. e4 f4 19. Ref1 Na6 20. Nge2 Rad8 21.
Rxf4 Rxf4 22. Nxf4 Bc4 23. Nce2 Qb5 24. b3 Bxe2 25. Nxe2 Nb4 26. Qd2 Qa6 27. a4
Nd3 28. Rf3 Nc5 29. Qe3 Ne6 30. Rg3 Qa5 31. Kf1 Qb4 32. Qc3 Qxc3 33. Rxc3 Nxd4
34. Rd3 Ne6 35. Rxd8+ Nxd8 36. Kf2 Ne6 37. Ke3 a5 38. Nd4 Kf7 39. Nf5 Nc5 40.
Kd4 b6 41. Ke5 Nxb3 42. Kd6 Nc5 43. e5 h5 44. Nd4 Nxa4 45. e6+ Ke8 46. Nf5 Nc5
47. Nxg7+ Kf8 48. e7+ Kxg7 49. e8=Q 1-0

[Event "Ä17Â"]
[Site "Loo"]
[Date "2017.04.28"]
[Round "9.10"]
[White "Âîðîáüåâà, Âàëåðèÿ."]
[Black "Ãðèãîðüåâà, Þëèÿ."]
[Result "1-0"]
[WhiteElo "1898"]
[BlackElo "1922"]
[PlyCount "117"]
[EventDate "2017.04.20"]

1. e4 e5 2. Nf3 Nc6 3. Bb5 a6 4. Ba4 Nf6 5. Qe2 b5 6. Bb3 Be7 7. c3 O-O 8. d4
d6 9. Bd5 Bb7 10. Bb3 h6 11. O-O Re8 12. dxe5 Nxe5 13. Nxe5 dxe5 14. Bc2 c5 15.
Nd2 Qc7 16. c4 Nd7 17. Rd1 Bc6 18. Qg4 Bg5 19. Nf1 Nf6 20. Qe2 Bxc1 21. Raxc1
Rad8 22. f3 Rd4 23. Ne3 g6 24. b3 b4 25. Nd5 Qd6 26. Re1 Nd7 27. a3 Bxd5 28.
cxd5 c4 29. bxc4 Qc5 30. axb4 Qxb4 31. Bd3 Nc5 32. Red1 a5 33. Bb1 a4 34. Ba2
Nb3 35. Bxb3 axb3 36. Rb1 Rxc4 37. Qb2 Rb8 38. Qxe5 b2 39. d6 Qb6+ 40. Kh1 Rc2
41. d7 Rd8 42. h3 Kh7 43. Qe7 Kg7 44. e5 Kg8 45. Kh2 Qc7 46. Rd6 Re2 47. Rxb2
Rxb2 48. e6 fxe6 49. Qxe6+ Kh8 50. Qf6+ Kg8 51. Qxg6+ Kf8 52. Qxh6+ Kg8 53.
Qg5+ Kh7 54. Qe7+ Kg8 55. f4 Rb6 56. Qe6+ Kg7 57. Qh6+ Kf7 58. Rxb6 Rxd7 59.
Rf6+ 1-0

[Event "Ä17Â"]
[Site "Loo"]
[Date "2017.04.28"]
[Round "9.11"]
[White "Ñåðäèòûõ, Îëåñÿ."]
[Black "Çèííàòóëëèíà, Àäåëÿ."]
[Result "0-1"]
[WhiteElo "1915"]
[BlackElo "1778"]
[PlyCount "90"]
[EventDate "2017.04.20"]

1. d4 Nf6 2. Nf3 e6 3. c4 Bb4+ 4. Bd2 a5 5. g3 O-O 6. Bg2 d5 7. cxd5 exd5 8.
O-O Bxd2 9. Nbxd2 Nc6 10. Qc2 Re8 11. e3 Nb4 12. Qc3 c6 13. a3 Na6 14. b4 axb4
15. axb4 Bf5 16. Nh4 Bd7 17. Rfd1 Nc7 18. Rxa8 Qxa8 19. Ra1 Qb8 20. Bf1 Ne4 21.
Nxe4 dxe4 22. Bc4 Be6 23. Ng2 Nd5 24. Qb3 b5 25. Bxd5 Bxd5 26. Qc3 Bc4 27. Ra5
h6 28. Qa3 Qc8 29. Qb2 Qg4 30. Qc2 g5 31. Ra1 Re6 32. Qd1 Be2 33. Qd2 Rf6 34.
Ra2 Rxf2 35. Qe1 Rf1+ 36. Qxf1 Bxf1 37. Kxf1 Qd1+ 38. Ne1 Qb3 39. Re2 Qxb4 40.
Rc2 Qd6 41. Rb2 Qd5 42. Rc2 b4 43. Ke2 b3 44. Rb2 Qc4+ 45. Kd1 Qc3 0-1

[Event "Ä17Â"]
[Site "Loo"]
[Date "2017.04.28"]
[Round "9.12"]
[White "Ïåð÷, Ñîôüÿ."]
[Black "Õàí, Àíàñòàñèÿ."]
[Result "1-0"]
[WhiteElo "1802"]
[BlackElo "1868"]
[PlyCount "67"]
[EventDate "2017.04.20"]

1. d4 d5 2. c4 c6 3. Nc3 Nf6 4. e3 e6 5. Bd3 Nbd7 6. Nf3 dxc4 7. Bxc4 b5 8. Bd3
Bb7 9. O-O a6 10. a3 c5 11. Re1 Qc7 12. e4 c4 13. Bc2 Be7 14. Bg5 Nb6 15. Qe2
O-O 16. Rad1 Rfe8 17. e5 Nfd5 18. Ne4 h6 19. Bxe7 Rxe7 20. Nd6 Bc6 21. Qd2 a5
22. Bb1 b4 23. Qc2 f5 24. Rc1 Ba4 25. Qd2 c3 26. bxc3 Nxc3 27. axb4 axb4 28.
Ba2 Bd1 29. Bxe6+ Rxe6 30. Rexd1 Ra2 31. Qxa2 Nxa2 32. Rxc7 Nd5 33. Rb7 Nac3
34. Ra1 1-0

[Event "Ä17Â"]
[Site "Loo"]
[Date "2017.04.28"]
[Round "9.13"]
[White "Ãûðãåíîâà, Åêàòåðèíà."]
[Black "Ïîëçóíîâà, Àíàñòàñèÿ."]
[Result "1-0"]
[WhiteElo "1849"]
[BlackElo "1814"]
[PlyCount "89"]
[EventDate "2017.04.20"]

1. d4 d5 2. c4 e5 3. dxe5 d4 4. a3 Nc6 5. e3 Bf5 6. Nf3 dxe3 7. Qxd8+ Rxd8 8.
Bxe3 Nge7 9. Nc3 Ng6 10. Nb5 Rd7 11. Nfd4 Nxd4 12. Nxd4 Be4 13. f3 c5 14. Nb5
Bd3 15. f4 Bxf1 16. Rxf1 a6 17. Nc3 Be7 18. g3 O-O 19. Ke2 Rfd8 20. Rad1 Nf8
21. Nd5 Re8 22. Nxe7+ Rexe7 23. Bxc5 Rxd1 24. Rxd1 Rc7 25. Bb4 Rc8 26. Be7 Rc7
27. Bxf8 Kxf8 28. Rd4 Ke7 29. b4 Rc6 30. h4 f6 31. exf6+ Rxf6 32. Kf3 h5 33.
Rd5 g6 34. Ke4 Rc6 35. Rc5 Rxc5 36. bxc5 Ke6 37. a4 a5 38. Kd4 Kf5 39. Kd5 Kg4
40. c6 bxc6+ 41. Kxc6 Kxg3 42. Kb5 Kxf4 43. c5 g5 44. c6 gxh4 45. c7 1-0

[Event "Ä17Â"]
[Site "Loo"]
[Date "2017.04.28"]
[Round "9.14"]
[White "Çàõàðîâà, Òàòüÿíà."]
[Black "Ïèâèíà, Ìàðèÿ."]
[Result "1-0"]
[WhiteElo "1811"]
[BlackElo "1827"]
[PlyCount "141"]
[EventDate "2017.04.20"]

1. e4 c5 2. Nf3 e6 3. d4 cxd4 4. Nxd4 Nc6 5. Nxc6 bxc6 6. Bd3 e5 7. O-O Nf6 8.
c4 Bc5 9. Nc3 d6 10. h3 h6 11. a3 a5 12. Qc2 O-O 13. Rd1 Nh5 14. Na4 Bd4 15.
Be2 Qh4 16. Bxh5 Qxh5 17. Bd2 Qg6 18. Kf1 f5 19. Bc3 fxe4 20. Bxd4 exd4 21.
Rxd4 Qf6 22. Qd2 Qe5 23. Kg1 Be6 24. Re1 d5 25. Nc5 Rab8 26. b3 Rf5 27. f3 Rbf8
28. Qe3 Rh5 29. Nxe6 Qxe6 30. fxe4 dxe4 31. Rxe4 Qd6 32. a4 Rg5 33. Rd4 Qb4 34.
Qe6+ Kh8 35. Qe7 Qxe7 36. Rxe7 Rg3 37. Rb7 Re8 38. Kh2 Rc3 39. Rdd7 Rg8 40.
Rdc7 Re3 41. Rxc6 Rge8 42. Rcc7 Rg8 43. Rc5 Ra8 44. Rcc7 Rg8 45. Re7 Rc3 46.
Rb5 Rd8 47. Rbb7 Rg8 48. Rf7 Re3 49. Rf3 Re5 50. Rbf7 Ree8 51. R7f5 Ra8 52. c5
Rgc8 53. Rd3 Rc6 54. Rfd5 Kh7 55. Kg3 Rac8 56. Rc3 Kg6 57. Kf3 Re6 58. Re3 Rf6+
59. Ke2 Rcf8 60. Rd6 Rc8 61. Rxf6+ Kxf6 62. Rc3 Ke5 63. Ke3 Kd5 64. c6 Rxc6 65.
Rxc6 Kxc6 66. Kd4 Kd6 67. Kc4 Ke5 68. b4 axb4 69. a5 b3 70. Kxb3 Kf4 71. a6 1-0